The Sambandha vartika of Suresvaracarya /

Saved in:
Bibliographic Details
Main Author: Suresvaracarya
Other Authors: Mahadevan, T. M. P. (Telliyavaram Mahadevan Ponnambalam), 1911-, Sankaracarya
Format: Book
Language:English
Published: Madras : University of Madras, 1972.
Edition:2d ed.
Series:University of Madras. Dept. of Philosophy. Madras University philosophical series ; no. 6
Subjects:
LEADER 01239nam a2200277 i 4500
001 c000024719
003 CARM
005 00000000000000.0
008 850320s1972 ii 0 eng d
019 1 |a 9233144  |z 25391400  |5 LACONCORD2021 
035 |a (OCoLC)1269237  |5 LACONCORD2021 
100 0 |a Suresvaracarya. 
245 1 0 |a The Sambandha vartika of Suresvaracarya /  |c Edited with an English translation, introd., notes, and extracts from three unpublished commentaries, by T.M.P. Mahadevan. 
250 |a 2d ed. 
260 |a Madras :  |b University of Madras,  |c 1972. 
300 |a 612 p. 
440 0 |a University of Madras. Dept. of Philosophy. Madras University philosophical series ;  |v no. 6 
500 |a Appendix (p.[603]-612): - Sankara's introduction to the Brhadaranyaka Upanisad. 
600 0 0 |a Sankaracarya. 
650 0 |a Advaita. 
650 0 |a Mimamsa. 
700 1 |a Mahadevan, T. M. P.  |q (Telliyavaram Mahadevan Ponnambalam),  |d 1911- 
700 0 0 |a Sankaracarya.  |t Brhadaranyakopanisadbhasya. 
852 8 |b CARM  |h A2:AE19C0  |i C00340  |p 0018069  |f BK 
999 f f |i b95a2eae-60f7-5443-9c54-c504f25cd039  |s 8d03fa20-e31f-5279-a880-ba1b036b7238 
952 f f |p Can circulate  |a CAVAL  |b CAVAL  |c CAVAL  |d CARM 1 Store  |e C00340  |f A2:AE19C0  |h Other scheme  |i book  |m 0018069